000 00673nam a22002297a 4500
003 UA-OsUOA
001 92223
007 ta
008 20121211b un ||||| |||| 00| 0 ukr d
100 _aЧолган І.
090 _a821.161.2
_bЧ-75
942 _cBK
040 _aUA-OsUOA
_bukr
_cUA-OsUOA
_dUA-OsUOA
245 _aДванадцять львівських оповідань
300 _a107 с.
955 _a3
041 _aukr
080 _a821.161.2
260 _aК.
_bУкраїнська всесвітня координаційна рада
_c1993
650 7 _a82 Література. Літературознавство
_2UDC
999 _c378461
_d378461